Hozier - First Light - Statistics

General Stats
  • This quiz has been taken 57 times
  • The average score is 186 of 237
Answer Stats
Answer % Correct
be
95%
The
95%
the
95%
a
93%
A
93%
Before
93%
first
93%
bright
90%
I
90%
light
90%
morning
90%
morning)
90%
One
90%
you
90%
You
90%
and
88%
And
88%
life
86%
Like
86%
my
86%
whole
86%
gold
83%
how
83%
so
83%
your
83%
Your
83%
colour
81%
easy
81%
every
81%
eyes
81%
this
81%
to
81%
at
79%
begins
79%
Could
79%
cup
79%
filling
79%
in
79%
lived
79%
sun
79%
thousand
79%
wake
79%
believe
76%
bullet
76%
coming
76%
day
76%
erupts
76%
miles
76%
open
76%
rust
76%
up
76%
breathing
74%
burst
74%
scarce
74%
set
74%
sky
74%
am
71%
away
71%
can
71%
I'm
71%
silver
71%
things
71%
what
71%
all
69%
as
69%
changes
69%
range
69%
again
67%
back
67%
believing
67%
But
67%
It
67%
point-blank
67%
Soft
67%
after
64%
going
64%
gonna
64%
never
64%
same
64%
out
62%
way
62%
calling
60%
into
60%
moment
60%
name
60%
body
57%
comes)
57%
Darkness
57%
either
57%
goes
57%
always
55%
creeps
55%
fades
55%
finds
55%
corners
52%
voice
52%
jumps
50%
shoot
50%
turning
43%
(Some
40%
Yeah
26%
yeah
26%
Hey
17%
hey
17%
No matching quizzes found
Score Distribution
Percent of People with Each Score
Percentile by Number Answered
Your Score History
You have not taken this quiz